000 00349nam a22001337a 4500
003 OSt
005 20250131100459.0
008 250131b |||||||| |||| 00| 0 eng d
040 _cParliament Library
082 _a259.41
_bPAR
100 _d2008
_qSue Parry
245 _aBeacons of Hope
_bHIV Competent Churches A framework for Action
942 _2ddc
_cBK
999 _c4074
_d4074